Relief activities in the earthquake affected areas of Gujarat: the perceptions of the marginalised communities (Record no. 491990)

000 -LEADER
fixed length control field 00452cam a22001217a 4500
008 - FIXED-LENGTH DATA ELEMENTS--GENERAL INFORMATION
fixed length control field 180718b2001 xxu||||| |||| 00| 0 eng d
082 ## - DEWEY DECIMAL CLASSIFICATION NUMBER
Classification number Q39x5441 R279
245 ## - TITLE STATEMENT
Title Relief activities in the earthquake affected areas of Gujarat: the perceptions of the marginalised communities
260 ## - PUBLICATION, DISTRIBUTION, ETC.
Place of publication, distribution, etc. New Delhi
Name of publisher, distributor, etc. Indian Social Institute
Date of publication, distribution, etc. 2001
300 ## - PHYSICAL DESCRIPTION
Extent 55p.
650 ## - SUBJECT ADDED ENTRY--TOPICAL TERM
Topical term or geographic name entry element Buildings - Earthquake effects
650 ## - SUBJECT ADDED ENTRY--TOPICAL TERM
Topical term or geographic name entry element Earthquake hazard analysis - India - Gujarat
Holdings
Withdrawn status Lost status Damaged status Not for loan Permanent Location Current Location Date acquired Full call number Barcode Date last seen Price effective from Koha item type
        Indian Institute of Public Administration Indian Institute of Public Administration 2018-08-04 Q39x5441 R279 GR15865 2018-08-04 2018-08-04 GR

Powered by Koha